| 000 | 01157nam0a22003611 4500 | ||
|---|---|---|---|
| 001 | v19\rc\1902129 | ||
| 005 | 20260406101446.0 | ||
| 035 | _a(NLR Aleph) 004992151 | ||
| 090 |
_a6297494 _c6297494 |
||
| 100 | _a20080404d1911 u y0rusy50 ca | ||
| 101 | 1 |
_arus _cfre |
|
| 102 | _aRU | ||
| 105 | _ay z |||a| | ||
| 200 | 1 |
_aБарышни _eРоман _fВиктор Маргерит |
|
| 210 |
_aСанкт-Петербург _cтип. "Луч" _d1911 |
||
| 215 |
_a311 с. _d17 |
||
| 300 | _aЗагл. ориг.: Jeunes filles | ||
| 300 | _aПер. также под загл.: Юные девушки | ||
| 451 | 0 |
_12001#$aЮные девушки _tЮные девушки |
|
| 454 | 0 |
_12001#$aJeunes filles _tJeunes filles |
|
| 532 | 1 | 3 | _aБарышни |
| 700 | 1 |
_8rus _7ca _aМаргерит _bВ. _f1866-1942 _gВиктор _3RU\NLR\AUTH\7780144 _963072 |
|
| 801 | 0 |
_aRU _bNLR _gpsbo |
|
| 801 | 0 |
_aRU _bRuMoRGB _2psbo |
|
| 801 | 1 |
_aRU _bProSoft-M _2rusmarc |
|
| 852 |
_aNLR _j38.37.7.31 |
||
| 852 |
_aNLR _j129/4293 |
||
| 899 |
_aRuMoRGB _jU 80/278 |
||
| 899 |
_aRuMoRGB _jU 80/252 |
||
| 899 | _aБАН | ||
| 942 | _cBOOK | ||
| 980 | _aNB | ||